000 00190as aa2200097a 44500
090 _aSERIADAS
_b01259
245 1 0 _aAudubon
041 0 _aInglés
260 _aEstados Unidos
942 _cREVISTA
999 _c16702
_d16702